15 Plus grandes villes d'Indonésie (avec une carte) - Statistiques

Statistiques générales
  • Ce quiz a été pris 24 fois
  • Le résultat moyen est 5 sur 15
Réponses sur la Carte
Les réponses sont colorées sur une échelle allant du rouge au vert en fonction du pourcentage des utilisateurs qui les ont devinées à leur premier essai. Vous pouvez retrouver ces pourcentages ci-dessous.
 
Statistiques - réponses
Population Ville % Correct
9,6 million Jakarta
100%
2,8 million Surabaya
90%
2,4 million Bandung
86%
2,1 million Medan
81%
1,3 million Makassar
57%
1,5 million Semarang
38%
1,4 million Palembang
33%
870 mille Bandar Lampung
10%
2,3 million Bekasi
10%
1 million Bogor
10%
1,8 million Tangerang
10%
1,7 million Depok
5%
1,3 million Tangerang Selatan (Tangerang du Sud)
5%
900 mille Batam
0%
890 mille Pekanbaru
0%
Aucun quiz correspondant
Distribution des résultats
% des personnes avec chaque résultat
Percentile par nombre de réponses
Votre historique - résultats
Vous n’avez pas pris ce quiz